| 000 | 00338nam a2200133Ia 4500 | ||
|---|---|---|---|
| 005 | 20251222144858.0 | ||
| 008 | 251222s9999||||xx |||||||||||||| ||spa|| | ||
| 020 | _a0-582-45163-9 | ||
| 082 | _a428.246.57/P64 | ||
| 100 | _aPohl, Alison | ||
| 245 | 0 | _aTest Your Professional English: | |
| 264 | _bPearson Educación Limited | ||
| 942 | _cLIB | ||
| 999 |
_c21860 _d21860 |
||